Sarala chikitseyinda samagra chintanadege (Record no. 215432)

MARC details
000 -LEADER
fixed length control field 00735nam a2200217Ia 4500
003 - CONTROL NUMBER IDENTIFIER
control field OSt
005 - DATE AND TIME OF LATEST TRANSACTION
control field 20251126144417.0
008 - FIXED-LENGTH DATA ELEMENTS--GENERAL INFORMATION
fixed length control field 210719s2009 xx 000 0 und d
020 ## - INTERNATIONAL STANDARD BOOK NUMBER
International Standard Book Number 81-7067-180-61
040 ## - CATALOGING SOURCE
Transcribing agency AL
041 ## - LANGUAGE CODE
Language code of text/sound track or separate title Kannada
082 ## - DEWEY DECIMAL CLASSIFICATION NUMBER
Classification number 615.535K PALS
100 ## - MAIN ENTRY--PERSONAL NAME
Personal name PALLATTADKA KESHAVA BHATTA
Dates associated with a name ಪಳ್ಳತ್ತಡ್ಕ ಕೇಶವ ಭಟ್
9 (RLIN) 246885
245 ## - TITLE STATEMENT
Title Sarala chikitseyinda samagra chintanadege
Remainder of title ಸರಳ ಚಿಕಿತ್ಸೆಯಿಂದ ಸಮಗ್ರ ಚಿಂತನದೆಡೆಗೆ
260 ## - PUBLICATION, DISTRIBUTION, ETC.
Place of publication, distribution, etc. MaisUr
Name of publisher, distributor, etc. Kavyalaya
Date of publication, distribution, etc. 2009
300 ## - PHYSICAL DESCRIPTION
Extent xxi,222
Other physical details PB
365 ## - TRADE PRICE
Price amount 160
Currency code Rs
650 ## - SUBJECT ADDED ENTRY--TOPICAL TERM
Topical term or geographic name entry element Health
9 (RLIN) 246886
906 ## - LOCAL DATA ELEMENT F, LDF (RLIN)
a chikitseyinda ; chintanadeDeghe ; samagra ; SaraLa
942 ## - ADDED ENTRY ELEMENTS (KOHA)
Source of classification or shelving scheme Dewey Decimal Classification
Koha item type Book
Holdings
Withdrawn status Lost status Source of classification or shelving scheme Damaged status Not for loan Collection code Home library Current library Date acquired Cost, normal purchase price Total Checkouts Full call number Barcode Date last seen Price effective from Koha item type
    Dewey Decimal Classification     Kannada St Aloysius Library St Aloysius Library 02/21/2013 160.00   615.535K PALS D04065 07/19/2021 07/19/2021 Donated Books